| 000 | 00831nas a2200277 4500 | ||
|---|---|---|---|
| 001 | BR2013001315 | ||
| 003 | BR-BrBNA | ||
| 005 | 20231205121923.0 | ||
| 007 | ta | ||
| 008 | 230509b bl.|||p| |||| 00| 00por d | ||
| 040 |
_aBR-BrBNA _bpor _cBiblioteca Nacional de Agricultura |
||
| 041 | _a(Pt) | ||
| 072 | _aF06 | ||
| 100 | 1 | _aMarques, P.A.A. | |
| 100 | 1 | _aCripa, M.A. de M. | |
| 100 | 1 | _aMartinez, E.H. | |
| 245 | 1 | _aHidrogel como substituto da irrigação complementar em viveiro telado de mudas de cafeeiro | |
| 650 | _aCAFÉ | ||
| 650 | _aMUDA | ||
| 650 | _aIRRIGAÇÃO | ||
| 650 | _aPOLIMERIZAÇÃO | ||
| 650 | _aRETENÇÃO DE ÁGUA NO SOLO | ||
| 773 | 0 |
_tCiência Rural (Brazil) _xISSN 0103-8478 _g(jan 2012), v. 43(1) p. 1-7 _wBR2013001315 |
|
| 909 |
_a202311 _bLúcia _c55 _dLúcia Elande |
||
| 942 |
_2AGRIS _n0 _cANA |
||
| 999 |
_c225944 _d225944 |
||